Normal view
MARC view
Entry Topical Term
001 - CONTROL NUMBER
- control field: 727
003 - CONTROL NUMBER IDENTIFIER
- control field: csc
005 - DATE AND TIME OF LATEST TRANSACTION
- control field: 20140507162053.0
008 - FIXED-LENGTH DATA ELEMENTS
- fixed length control field: 130215|| aca||aabn | a|a d
040 ## - CATALOGING SOURCE
- Original cataloging agency: csc
- Transcribing agency: csc
150 ## - HEADING--TOPICAL TERM
- Topical term or geographic name entry element: Motion picture music.
670 ## - SOURCE DATA FOUND
- Source citation: Work cat.: (csc)116: Davis, Miles, 1926- 192, A tribute to Jack Johnson, [1992]